Australian House of Representatives members Quiz Stats

 Plays Quiz not verified by Sporcle

Challenge
Share
Tweet
Embed
Score 0/150 Timer 15:00
0 Plays Today
Electorate, State Member % Correct
Kennedy, QLDHon Bob Katter
94.1%
Warringah, NSWHon Tony Abbott
82.4%
Chisholm, VICAnna Burke
82.4%
Lalor, VICHon Julia Gillard
82.4%
Griffith, QLDHon Kevin Rudd
82.4%
Curtin, WAHon Julie Bishop
76.5%
Melbourne, VICAdam Bandt
76.5%
Mackellar, NSWHon Bronwyn Bishop
76.5%
Watson, NSWHon Tony Burke
76.5%
Grayndler, NSWHon Anthony Albanese
70.6%
North Sydney, NSWHon Joe Hockey
70.6%
Sturt, SAHon Christopher Pyne
70.6%
Perth, WAHon Stephen Smith
70.6%
Casey, VICHon Tony Smith
70.6%
Lilley, QLDHon Wayne Swan
70.6%
Sydney, NSWHon Tanya Plibersek
64.7%
Longman, QLDWyatt Roy
64.7%
Maribyrnong, VICHon Bill Shorten
64.7%
New England, NSWTony Windsor
64.7%
Bennelong, NSWJohn Alexander
58.8%
Lindsay, NSWDavid Bradbury
58.8%
Werriwa, NSWHon Laurie Ferguson
58.8%
Batman, VICHon Martin Ferguson
58.8%
Scullin, VICHarry Jenkins
58.8%
Herbert, QLDEwen Jones
58.8%
Throsby, NSWStephen Jones
58.8%
Indi, VICSophie Mirabella
58.8%
Cook, NSWScott Morrison
58.8%
Gellibrand, VICHon Nicola Roxon
58.8%
Fisher, QLDHon Peter Slipper
58.8%
Wentworth, NSWHon Malcolm Turnbull
58.8%
Denison, TASAndrew Wilkie
58.8%
Lyons, TASHon Dick Adams
52.9%
McMahon, NSWHon Chris Bowen
52.9%
Corangamite, VICDarren Cheeseman
52.9%
Melbourne Ports, VICMichael Danby
52.9%
Brisbane, QLDTeresa Gambaro
52.9%
Hughes, NSWCraig Kelly
52.9%
Eden-Monaro, NSWHon Mike Kelly
52.9%
Jagajaga, VICHon Jenny Macklin
52.9%
Lyne, NSWRob Oakeshott
52.9%
Lingiari, NTHon Warren Snowdon
52.9%
Dobell, NSWCraig Thomson
52.9%
Wills, VICKelvin Thomson
52.9%
Hasluck, WAKen Wyatt
52.9%
Hotham, VICHon Simon Crean
47.1%
Kingsford Smith, NSWHon Peter Garrett
47.1%
Solomon, NTNatasha Griggs
47.1%
Capricornia, QLDKirsten Livermore
47.1%
Robertson, NSWDeborah O'Neill
47.1%
Electorate, State Member % Correct
Moreton, QLDGraham Perrett
47.1%
Wide Bay, QLDHon Warren Truss
47.1%
Makin, SATony Zappia
47.1%
Dunkley, VICHon Bruce Billson
41.2%
Canberra, ACTGai Brodtmann
41.2%
Blaxland, NSWJason Clare
41.2%
Franklin, TASJulie Collins
41.2%
Charlton, NSWHon Greg Combet
41.2%
Isaacs, VICMark Dreyfus
41.2%
Dickson, QLDHon Peter Dutton
41.2%
Adelaide, SAHon Kate Ellis
41.2%
Rankin, QLDHon Dr Craig Emerson
41.2%
Leichhardt, QLDWarren Entsch
41.2%
Hunter, NSWHon Joel Fitzgibbon
41.2%
Cowper, NSWLuke Hartsuyker
41.2%
Chifley, NSWEd Husic
41.2%
Banks, NSWDaryl Melham
41.2%
Parramatta, NSWJulie Owens
41.2%
Goldstein, VICHon Andrew Robb
41.2%
Greenway, NSWMichelle Rowland
41.2%
Berowra, NSWHon Philip Ruddock
41.2%
La Trobe, VICLaura Smyth
41.2%
McPherson, QLDKaren Andrews
35.3%
Menzies, VICHon Kevin Andrews
35.3%
Mayo, SAJamie Briggs
35.3%
Dawson, QLDGeorge Christensen
35.3%
Kooyong,VICJosh Frydenberg
35.3%
Hindmarsh, SASteve Georganas
35.3%
Brand, WAHon Gary Gray
35.3%
Fowler, NSWChris Hayes
35.3%
Ballarat, VICCatherine King
35.3%
Higgins, VICKelly O'Dwyer
35.3%
Ryan, QLDJane Prentice
35.3%
Oxley, QLDBernie Ripoll
35.3%
Page, NSWJanelle Saffin
35.3%
Braddon, TASSid Sidebottom
35.3%
Paterson, NSWHon Bob Baldwin
29.4%
O'Connor, WATony Crook
29.4%
Petrie, QLDYvette D'Ath
29.4%
Bradfield, NSWPaul Fletcher
29.4%
Gilmore, VICJoanna Gash
29.4%
Flinders, VICHon Greg Hunt
29.4%
Fraser, ACTDr Andrew Leigh
29.4%
Farrer, NSWHon Sussan Ley
29.4%
Macquarie, NSWLouise Markus
29.4%
Macarthur, NSWRussell Matheson
29.4%
Barton, NSWHon Robert McClelland
29.4%
Blair, QLDShayne Neumann
29.4%
Flynn, QLDKen O'Dowd
29.4%
Maranoa, QLDHon Bruce Scott
29.4%
Electorate, State Member % Correct
Fairfax, QLDHon Alex Somlyay
29.4%
Murray, VICHon Dr Sharman Stone
29.4%
Deakin, VICMike Symon
29.4%
Aston, VICAlan Tudge
29.4%
Cunningham,NSWSharon Bird
23.5%
McMillan, VICRussell Broadbent
23.5%
Port Adelaide, SAMark Butler
23.5%
Holt, VICHon Anthony Byrne
23.5%
Wakefield, SANick Champion
23.5%
Moncrieff, QLDSteven Ciobo
23.5%
Richmond, NSWHon Justine Elliot
23.5%
Newcastle, NSWSharon Grierson
23.5%
Bruce, VICHon Alan Griffin
23.5%
Shortland, NSWJill Hall
23.5%
Mitchell, NSWAlex Hawke
23.5%
Bowman, QLDDr Andrew Laming
23.5%
Bass, TASGeoff Lyons
23.5%
Groom, QLDHon Ian Macfarlane
23.5%
Corio, VICRichard Marles
23.5%
McEwen, VICRob Mitchell
23.5%
Reid, NSWHon John Murphy
23.5%
Gorton, VICHon Brendan O'Connor
23.5%
Fremantle, WAMelissa Parke
23.5%
Grey, SARowan Ramsey
23.5%
Kingston, SAAmanda Rishworth
23.5%
Bonner, QLDRoss Vasta
23.5%
Gippsland, VICDarren Chester
17.6%
Mallee, VICJohn Forrest
17.6%
Swan, WASteve Irons
17.6%
Tangney, WADr Dennis Jensen
17.6%
Stirling, WAMichael Keenan
17.6%
Forrest, WANola Marino
17.6%
Pearce, WAHon Judi Moylan
17.6%
Fadden,QLDStuart Robert
17.6%
Boothby, SADr Andrew Southcott
17.6%
Forde, QLDBert Van Manen
17.6%
Calare, NSWHon John Cobb
11.8%
Parkes, NSWMark Coulton
11.8%
Bendigo, VICSteve Gibbons
11.8%
Durack, WABarry Haase
11.8%
Riverina, NSWMichael McCormack
11.8%
Hinkler, QLDPaul Neville
11.8%
Canning, WADon Randall
11.8%
Hume, NSWAlby Schultz
11.8%
Wannon, VICDan Tehan
11.8%
Barker, SAPatrick Secker
5.9%
Cowan, WALuke Simpkins
5.9%
Moore, WADr Mal Washer
5.9%
Wright, QLDScott Buchholz
0%
Calwell, VICMaria Vamvakinou
0%

You're not logged in!

Compare scores with friends on all Sporcle quizzes.
OR
Log In

You Might Also Like...

Show Comments

Extras

Top Quizzes Today


Score Distribution

Your Account Isn't Verified!

In order to create a playlist on Sporcle, you need to verify the email address you used during registration. Go to your Sporcle Settings to finish the process.

Report this User

Report this user for behavior that violates our Community Guidelines.

Details: